000 00339nam a2200145Ia 4500
005 20251222151341.0
008 251222s9999||||xx |||||||||||||| ||spa||
020 _a8439568533
082 _a800/M17
100 _aMahfuz, Naguib
245 0 _aRhadopis la Cortesana
250 _a1ra.ed.
264 _bPlaneta de DeAgostini
942 _cLIB
999 _c24495
_d24495